Исследование электрической прочности некоторых видов жидкой и твердой изоляции в наносекундном диапазоне времен воздействия напряжения: промежуточный отчет о НИР; Тема: х/д № 112/67

Podrobná bibliografie
Korporativní autor: Томский политехнический институт (ТПИ) (595)
Další autoři: Ушаков В. Я. Василий Яковлевич (руководитель), Багин В. В. (исполнитель)
Jazyk:ruština
Vydáno: Томск, 1968
Témata:
Médium: Kniha
KOHA link:https://koha.lib.tpu.ru/cgi-bin/koha/opac-detail.pl?biblionumber=181151

MARC

LEADER 00000nbm0a2200000 4500
001 181151
005 20240118095247.0
035 |a (RuTPU)RU\TPU\book\196368 
090 |a 181151 
100 |a 20100602d1968 k y0rusy50 ca 
101 0 |a rus 
102 |a RU 
105 |a a p 001zy 
200 1 |a Исследование электрической прочности некоторых видов жидкой и твердой изоляции в наносекундном диапазоне времен воздействия напряжения  |e промежуточный отчет о НИР  |e Тема: х/д № 112/67  |f Томский политехнический институт (ТПИ) ; руководитель В. Я. Ушаков, В. В. Багин 
210 |a Томск  |d 1968 
215 |a 51 л. 
320 |a Библиогр.: с. 49-51. 
606 |a Изоляция полиэтиленовая  |2 stltpush  |3 (RuTPU)RU\TPU\subj\12327  |9 39134 
610 1 |a отчеты о НИР 
610 1 |a электрическая прочность 
610 1 |a жидкая изоляция 
610 1 |a твердая изоляция 
610 1 |a наносекундные диапазоны 
610 1 |a напряжение 
610 1 |a воздействие 
610 1 |a исследование 
610 1 |a высоковольтные устройства 
675 |a 621.315.616.9  |v 3 
702 1 |a Ушаков  |b В. Я.  |c специалист в области электроэнергетики  |c профессор Томского политехнического университета, доктор технических наук  |f 1939-  |g Василий Яковлевич  |3 (RuTPU)RU\TPU\pers\10509  |4 673  |9 2236 
702 1 |a Багин  |b В. В.  |4 677 
712 0 2 |a Томский политехнический институт (ТПИ)  |c (1944-1991)  |3 (RuTPU)RU\TPU\col\1123  |4 595 
801 1 |a RU  |b 63413507  |c 20100602 
801 2 |a RU  |b 63413507  |c 20180420  |g RCR 
942 |c BK